000 00834cam a2200289 i 4500
001 41377
003 Mx-PuUPA
005 20241112140922.0
008 140415s2020 mx gr 000 0 spa d
040 _aMx-PuUPA
_bspa
_cMx-PuUPA
_dMx-PuUPA
_erda
041 _aspa
100 1 _a
245 1 0 _aLa prueba de los hechos en el proceso penal acusatorio
_b
250 _aPrimera edición
264 1 _aCiudad de México :
_bGallardo Ediciones,
_c2020
300 _a503 páginas ;
_c23 cm
336 _2rdacontent
_atexto
_btxt
337 _2rdamedia
_asin medio
_bn
338 _2rdacarrier
_avolumen
_bnc
502 _a
650 7 _2armarc
_a
_913986
700 1 _a
_e
942 _2ddc
_cLI
_hxx
_ixx
_n
999 _c41377
_d41377